| 000 | 00337 a2200109 4500 | ||
|---|---|---|---|
| 001 | ART_40002 | ||
| 005 | 20260410161841.0 | ||
| 008 | 260409a | ||
| 245 | 1 | 0 | _aLas vicisitudes del Compre Nacional |
| 100 | 1 | _aMata, Ismael | |
| 773 | 0 |
_tRAP _gRégimen de contrataciones y compre nacional - Año 24 (feb. 2002) _wREV5941 |
|
| 999 |
_c24122 _d24122 |
||